Дело с донесением гувернера Герасима Клишкина графу Н.П. Шереметеву о занятиях в театральной школе; смета расходов по школе

Доступно только в Электронных читальных залах Найти на картеНа карте
RUSMARC
00003748nmc2a22002413x 450
00152cb58fd-0a4a-4e82-8bbc-1135423a9c64
00520230906090341.0
100##$a20230303l17991799k l0rusy0189 ca
1010#$arus
102##$aRU
105##$ay###
1222#$ad
2001#$aДело с донесением гувернера Герасима Клишкина графу Н.П. Шереметеву о занятиях в театральной школе; смета расходов по школе
$jмарт 1799 г.
215##$a4 л.
$d36,5х26 см
251##$cДело
300##$aГраф Николай Петрович Шереметев. Документы, связанные со служебной деятельностью Н.П. Шереметева. По Дирекции императорских театров
371##$aДокумент не является опубликованным и широко распространяемым
461#0$100198b93a77-94f0-46bb-a7e0-b5027cc72a67
$12001
$aШереметевы, графы
$1251
$cФонд
$1852
$j1088
462#0$1001d3ce280e-361b-49f4-86d2-e1a120f828b4
$12001
$aЛичные документы, переписка и документы, связанные со служебной и общественной деятельностью графов Бориса Петровича, Петра Борисовича, Николая Петровича и Дмитрия Шереметевых
$1251
$cОпись
$1852
$j1
801#0$aRU
$bРГИА
$c20230303
$gRCR
801#1$aRU
$bГлавНИВЦ
$c20230303
$2rusmarc
801#2$aRU
$bПБ им. Б.Н. Ельцина
$c20230906
$gRCR
$2rusmarc
850##$aРГИА
852##$aРГИА
$eФедеральное казенное учреждение "Российский государственный исторический архив" (РГИА)
$j382
937##$hРГИА
$d12391468
$aASBIBLIO_SCAN
035##$aRusGRCC00059823
856##$uhttp://readingroom.main.prlib.ru/item.aspx?id_node=n187392503&mode=full
Формат отображения